[Event "AUT-chT 2324"]
[Site "Austria"]
[Date "2024.03.21"]
[Round "8.2"]
[White "Votava, Jan"]
[Black "Vachier Lagrave, Maxime"]
[Result "0-1"]
[WhiteElo "2462"]
[BlackElo "2728"]
[PlyCount "123"]
[EventDate "2023.11.22"]
[EventType "team-tourn"]
[EventRounds "11"]
[EventCountry "AUT"]
[SourceTitle "CB13_2024"]
[SourceDate "2024.03.27"]
[SourceVersion "1"]
[SourceVersionDate "2024.03.27"]
[SourceQuality "1"]
[WhiteTeam "Mayrhofen/Zell/Zillertal"]
[BlackTeam "Linz"]
[WhiteTeamCountry "AUT"]
[BlackTeamCountry "AUT"]

1. d4 Nf6 2. c4 e6 3. Nf3 d5 4. g3 Be7 5. Bg2 0-0 6. 0-0 a5 7. Nbd2 c5 8. cxd5 exd5 9. dxc5 Nc6 10. a4 Bxc5 11. Nb3 Bb6 12. Nbd4 Re8 13. Bg5 h6 14. Bxf6 Qxf6 15. e3 Bg4 16. Qb3 Nb4 17. Rfc1 Rac8 18. Rc3 Bc5 19. h3 Bh5 20. Rac1 b6 21. Ne1 Bg6 22. Nb5 Rcd8 23. Nf3 Be4 24. Nfd4 Qg6 25. Rd1 Bb1 26. Rcc1 Ba2 27. Qc3 Bc4 28. Ra1 Rc8 29. Qd2 h5 30. h4 Bxb5 31. Nxb5 Nc2 32. Rac1 Nxe3 33. Rxc5 Rxc5 34. fxe3 Qxg3 35. Qf2 Rxe3 36. Qxg3 Rxg3 37. Nc3 Rg4 38. Kf2 d4 39. Ne2 Rxh4 40. Nxd4 Rc4 41. Ke3 Rxa4 42. Nf5 Rhf4 43. b3 Rab4 44. Ne7+ Kh7 45. Nd5 Rg4 46. Nxb4 Rxg2 47. Nd3 h4 48. Ne5 f6 49. Nf3 Rg4 50. Rd4 Rxd4 51. Nxd4 g5 52. Kf3 Kh6 53. Nf5+ Kh5 54. Nd6 g4+ 55. Kf4 h3 56. Kg3 Kg5 57. Nc4 f5 58. Nxb6 f4+ 59. Kh2 Kh4 60. Nc4 g3+ 61. Kh1 f3 62. Nxa5 0-1

[Event "AUT-chT 2324"]
[Site "Austria"]
[Date "2023.11.25"]
[Round "5.3"]
[White "Votava, Jan"]
[Black "Bosiocic, Marin"]
[Result "0-1"]
[WhiteElo "2462"]
[BlackElo "2537"]
[PlyCount "124"]
[EventDate "2023.11.22"]
[EventType "team-tourn"]
[EventRounds "11"]
[EventCountry "AUT"]
[SourceTitle "CB48_2023"]
[SourceDate "2023.11.29"]
[SourceVersion "1"]
[SourceVersionDate "2023.11.29"]
[SourceQuality "1"]
[WhiteTeam "Mayrhofen/Zell/Zillertal"]
[BlackTeam "St Veit"]
[WhiteTeamCountry "AUT"]
[BlackTeamCountry "AUT"]

1. d4 Nf6 2. c4 g6 3. Nc3 d5 4. Nf3 Bg7 5. Qb3 dxc4 6. Qxc4 0-0 7. e4 a6 8. e5 b5 9. Qb3 Nfd7 10. e6 fxe6 11. Be3 Nf6 12. h4 Nc6 13. Bd3 Qd6 14. 0-0-0 Nb4 15. Bb1 Bb7 16. Ng5 Bd5 17. Nxd5 Nfxd5 18. a3 Qc6+ 19. Bc2 Nxc2 20. Qxc2 Qxc2+ 21. Kxc2 e5 22. Ne6 Rf6 23. Nxg7 Nxe3+ 24. fxe3 exd4 25. Rxd4 Kxg7 26. Rd7 Rc6+ 27. Kb3 Kf7 28. h5 g5 29. Rf1+ Ke8 30. Rd5 h6 31. Rdf5 Kd7 32. Rf7 Rd8 33. Rh7 Rg8 34. e4 Ke8 35. a4 bxa4+ 36. Kxa4 Rf8 37. Rf5 Rff6 38. b4 Rfe6 39. Rh8+ Kd7 40. Rd5+ Rcd6 41. Ka5 Rxe4 42. Rxd6+ cxd6 43. Rb8 Kc7 44. Rb6 Re2 45. Kxa6 Ra2+ 46. Kb5 Rxg2 47. Ra6 Kd7 48. Kb6 Rh2 49. b5 Rxh5 50. Ra7+ Ke6 51. Kc7 Rh1 52. b6 Rc1+ 53. Kd8 Rb1 54. Rxe7+ Kf5 55. Kc7 h5 56. b7 h4 57. Rd7 g4 58. Rxd6 Rxb7+ 59. Kxb7 g3 60. Rh6 Kg4 61. Kc6 g2 62. Kd5 Kg3 0-1

[Event "AUT-chT 2324"]
[Site "Austria"]
[Date "2023.11.24"]
[Round "3.3"]
[White "Ftacnik, Lubomir"]
[Black "Votava, Jan"]
[Result "1/2-1/2"]
[WhiteElo "2455"]
[BlackElo "2462"]
[PlyCount "88"]
[EventDate "2023.11.22"]
[EventType "team-tourn"]
[EventRounds "11"]
[EventCountry "AUT"]
[SourceTitle "CB48_2023"]
[SourceDate "2023.11.29"]
[SourceVersion "1"]
[SourceVersionDate "2023.11.29"]
[SourceQuality "1"]
[WhiteTeam "Pinggau Friedberg"]
[BlackTeam "Mayrhofen/Zell/Zillertal"]
[WhiteTeamCountry "AUT"]
[BlackTeamCountry "AUT"]

1. d4 Nf6 2. Nf3 e6 3. c4 b6 4. g3 Bb7 5. Bg2 Be7 6. 0-0 0-0 7. Re1 d5 8. Ne5 Nbd7 9. Nc3 c5 10. cxd5 exd5 11. Be3 Nxe5 12. dxe5 Ne4 13. Nxe4 dxe4 14. Qa4 Qe8 15. Qxe8 Rfxe8 16. Rad1 Rad8 17. f4 f5 18. Kf2 Kf7 19. Rxd8 Rxd8 20. Rc1 Bd5 21. a3 Bb3 22. Ke1 Ke6 23. Bf1 c4 24. Bd2 Bc5 25. e3 b5 26. Be2 a5 27. Bxa5 Bxe3 28. Rxc4 Bd2+ 29. Bxd2 Bxc4 30. Bxc4+ bxc4 31. a4 Ra8 32. a5 Kd5 33. Ke2 Ra6 34. Bc3 Rh6 35. h4 Rg6 36. Kf2 Kc6 37. Bd4 Kb5 38. Bc3 h5 39. Kg2 Re6 40. Kf2 Re8 41. Ke2 g6 42. Ke3 Rd8 43. Ke2 Rd3 44. Kf2 Rd8 1/2-1/2

[Event "AUT-chT 2324"]
[Site "Austria"]
[Date "2023.11.22"]
[Round "1.3"]
[White "Svane, Frederik"]
[Black "Votava, Jan"]
[Result "1-0"]
[WhiteElo "2624"]
[BlackElo "2462"]
[PlyCount "99"]
[EventDate "2023.11.22"]
[EventType "team-tourn"]
[EventRounds "11"]
[EventCountry "AUT"]
[SourceTitle "CB48_2023"]
[SourceDate "2023.11.29"]
[SourceVersion "1"]
[SourceVersionDate "2023.11.29"]
[SourceQuality "1"]
[WhiteTeam "Jenbach"]
[BlackTeam "Mayrhofen/Zell/Zillertal"]
[WhiteTeamCountry "AUT"]
[BlackTeamCountry "AUT"]

1. e4 e5 2. Nf3 Nc6 3. Bb5 a6 4. Ba4 Nf6 5. 0-0 Be7 6. Bxc6 dxc6 7. d3 Nd7 8. Nc3 0-0 9. Be3 c5 10. a4 a5 11. Qe1 Bd6 12. Nd2 Nb8 13. f4 exf4 14. Bxf4 Bxf4 15. Rxf4 Be6 16. Qf2 b6 17. Nf1 Nc6 18. Ne3 Ne5 19. Nf5 f6 20. Kh1 Qd7 21. Rf1 Rad8 22. Qg3 Kh8 23. b3 Qf7 24. Ne3 Qd7 25. Ncd5 Ng6 26. R4f2 Rf7 27. h3 Qd6 28. Qxd6 Rxd6 29. g4 Rdd7 30. Kg2 Kg8 31. Kg3 h6 32. h4 Bxd5 33. Nxd5 Ne7 34. Nxe7+ Rfxe7 35. Rf5 Kh7 36. g5 fxg5 37. hxg5 hxg5 38. Kg4 Rd6 39. Rf7 Rdd7 40. Rf8 Rd6 41. R1f7 Rxf7 42. Rxf7 Rf6 43. Rxc7 Kg6 44. Rb7 Rf4+ 45. Kg3 Rf6 46. e5 Rc6 47. Kg4 Re6 48. c3 Rxe5 49. Rxb6+ Kf7 50. Ra6 1-0

[Event "CZE-chT 2223"]
[Site "Czech Republic"]
[Date "2023.03.25"]
[Round "10.3"]
[White "Ftacnik, Lubomir"]
[Black "Votava, Jan"]
[Result "1/2-1/2"]
[WhiteElo "2462"]
[BlackElo "2474"]
[PlyCount "53"]
[EventDate "2022.10.15"]
[EventType "team-tourn"]
[EventRounds "11"]
[EventCountry "CZE"]
[SourceTitle "CBM 213 Extra"]
[Source "ChessBase"]
[SourceDate "2023.05.31"]
[SourceVersion "1"]
[SourceVersionDate "2023.05.31"]
[SourceQuality "1"]
[WhiteTeam "Turnov Zikuda"]
[BlackTeam "Pardubice"]
[WhiteTeamCountry "CZE"]
[BlackTeamCountry "CZE"]

1. Nf3 Nf6 2. c4 e6 3. Nc3 d5 4. d4 Be7 5. Bf4 0-0 6. e3 Nbd7 7. cxd5 Nxd5 8. Nxd5 exd5 9. Bd3 c5 10. 0-0 c4 11. Bc2 b5 12. e4 Nb6 13. e5 Be6 14. Qb1 g6 15. Bh6 Re8 16. Qc1 Nd7 17. Qf4 Nf8 18. h4 a5 19. Ng5 Ra6 20. h5 Qd7 21. hxg6 fxg6 22. Rae1 Bxg5 23. Qxg5 Bf7 24. Qd2 Be6 25. Qg5 Bf7 26. Qd2 Be6 27. Qg5 1/2-1/2

[Event "CZE-chT 2223"]
[Site "Czech Republic"]
[Date "2023.02.19"]
[Round "8.5"]
[White "Votava, Jan"]
[Black "Mladek, Richard"]
[Result "0-1"]
[WhiteElo "2474"]
[BlackElo "2371"]
[PlyCount "71"]
[EventDate "2022.10.15"]
[EventType "team-tourn"]
[EventRounds "11"]
[EventCountry "CZE"]
[SourceTitle "CBM 213 Extra"]
[Source "ChessBase"]
[SourceDate "2023.05.31"]
[SourceVersion "1"]
[SourceVersionDate "2023.05.31"]
[SourceQuality "1"]
[WhiteTeam "Pardubice"]
[BlackTeam "Kromeriz Slavia"]
[WhiteTeamCountry "CZE"]
[BlackTeamCountry "CZE"]

1. d4 Nf6 2. c4 e6 3. Nf3 d5 4. Nc3 dxc4 5. e3 a6 6. Bxc4 b5 7. Bd3 Bb7 8. 0-0 c5 9. dxc5 Bxc5 10. a3 0-0 11. b4 Bd6 12. Bb2 Qe7 13. e4 e5 14. Qd2 Nbd7 15. Rfd1 Nb6 16. Nh4 g6 17. Qe3 Nfd7 18. Qg3 Kh8 19. Bc1 Rac8 20. Bg5 f6 21. Bd2 Rfd8 22. Be2 Nf8 23. Bh6 Rc7 24. Rd3 Ne6 25. Rad1 Nd4 26. Bf1 Nc4 27. Bc1 Rcd7 28. Kh1 Qe6 29. Qh3 Qxh3 30. Rxh3 g5 31. Nf5 Nxf5 32. exf5 e4 33. Be2 Be5 34. Rxd7 Rxd7 35. Nd1 Rc7 36. g4 0-1

[Event "AUT-chT2W 2223"]
[Site "Austria"]
[Date "2023.01.22"]
[Round "8.2"]
[White "Votava, Jan"]
[Black "Ginsburg, Gennadij"]
[Result "1/2-1/2"]
[WhiteElo "2476"]
[BlackElo "2394"]
[PlyCount "61"]
[EventDate "2022.09.23"]
[EventType "team-tourn"]
[EventRounds "11"]
[EventCountry "AUT"]
[SourceTitle "CBM 213 Extra"]
[Source "ChessBase"]
[SourceDate "2023.05.31"]
[SourceVersion "1"]
[SourceVersionDate "2023.05.31"]
[SourceQuality "1"]
[WhiteTeam "Mayrhofen/Zillertal"]
[BlackTeam "Bregenz"]
[WhiteTeamCountry "AUT"]
[BlackTeamCountry "AUT"]

1. d4 Nf6 2. c4 e6 3. Nf3 d5 4. Nc3 Be7 5. Bf4 0-0 6. e3 c5 7. dxc5 Bxc5 8. Qc2 Nc6 9. a3 Qa5 10. Nd2 Be7 11. Be2 e5 12. Bg5 d4 13. Nb3 Qb6 14. Bxf6 dxc3 15. Bxe7 cxb2 16. Qxb2 Nxe7 17. 0-0 Be6 18. Rfb1 Qc7 19. a4 Rab8 20. a5 Rfd8 21. Rc1 h6 22. h3 Ng6 23. Nd2 Nh4 24. Nf3 Nxf3+ 25. Bxf3 Qc5 26. Qa3 Rdc8 27. Qxc5 Rxc5 28. Rcb1 b6 29. axb6 axb6 30. Ra6 Rxc4 31. Raxb6 1/2-1/2

[Event "CZE-chT1W 2223"]
[Site "Czech Republic"]
[Date "2023.01.15"]
[Round "6.3"]
[White "Kraus, Tomas"]
[Black "Votava, Jan"]
[Result "1-0"]
[WhiteElo "2479"]
[BlackElo "2474"]
[PlyCount "71"]
[EventDate "2022.10.09"]
[EventType "team-tourn"]
[EventRounds "11"]
[EventCountry "CZE"]
[SourceTitle "CBM 213 Extra"]
[Source "ChessBase"]
[SourceDate "2023.05.31"]
[SourceVersion "1"]
[SourceVersionDate "2023.05.31"]
[SourceQuality "1"]
[WhiteTeam "Ricany Betsys"]
[BlackTeam "Polabiny II"]
[WhiteTeamCountry "CZE"]
[BlackTeamCountry "CZE"]

1. e4 e5 2. Nf3 Nc6 3. Bc4 Bc5 4. c3 Nf6 5. d4 exd4 6. e5 d5 7. Be2 Ne4 8. cxd4 Bb4+ 9. Bd2 Nxd2 10. Nbxd2 0-0 11. 0-0 f6 12. Nb3 a5 13. a3 Be7 14. Rc1 Kh8 15. h3 fxe5 16. dxe5 Be6 17. Nfd4 Nxd4 18. Nxd4 Bg8 19. f4 c6 20. Kh1 Qb6 21. Qd2 a4 22. Bg4 Rfe8 23. Rce1 c5 24. Nf3 d4 25. Bd7 Red8 26. e6 Qd6 27. Ne5 Bxe6 28. Ng6+ hxg6 29. Bxe6 Bh4 30. Qd3 Rf8 31. Re5 Rf6 32. Qe4 Raf8 33. Rf3 g5 34. fxg5 Bxg5 35. Rxg5 d3 36. Rh5+ 1-0

[Event "CZE-chT 2223"]
[Site "Czech Republic"]
[Date "2023.01.07"]
[Round "5.1"]
[White "Votava, Jan"]
[Black "Jurcik, Marian"]
[Result "1/2-1/2"]
[WhiteElo "2474"]
[BlackElo "2400"]
[PlyCount "82"]
[EventDate "2022.10.15"]
[EventType "team-tourn"]
[EventRounds "11"]
[EventCountry "CZE"]
[SourceTitle "CBM 213 Extra"]
[Source "ChessBase"]
[SourceDate "2023.05.31"]
[SourceVersion "1"]
[SourceVersionDate "2023.05.31"]
[SourceQuality "1"]
[WhiteTeam "Pardubice"]
[BlackTeam "Unichess"]
[WhiteTeamCountry "CZE"]
[BlackTeamCountry "CZE"]

1. d4 d5 2. Nf3 Nf6 3. g3 c5 4. c3 cxd4 5. cxd4 Nc6 6. Bg2 Bf5 7. Nc3 e6 8. 0-0 Bd6 9. Bf4 0-0 10. Rc1 Ne4 11. Bxd6 Nxd6 12. Na4 Rc8 13. Nc5 Qa5 14. a3 b6 15. Nd7 Rfd8 16. Nde5 Nxe5 17. dxe5 Nb5 18. e3 Be4 19. Ng5 Bg6 20. Nf3 Be4 21. Qb3 Bxf3 22. Bxf3 Rc5 23. Qd3 Qa4 24. Be2 a6 25. b4 Rcc8 26. h4 g6 27. h5 Kg7 28. Kg2 Qxa3 29. Qxa3 Nxa3 30. Bxa6 Rxc1 31. Rxc1 gxh5 32. Bd3 Nc4 33. Be2 Nxe5 34. Bxh5 d4 35. f4 Nd7 36. Rc7 dxe3 37. Kf3 f5 38. Be8 Rxe8 39. Rxd7+ Kf6 40. Kxe3 Rc8 41. Rd6 Rc3+ 1/2-1/2

[Event "CZE-chT 2223"]
[Site "Czech Republic"]
[Date "2022.12.03"]
[Round "3.5"]
[White "Votava, Jan"]
[Black "Bures, Jaroslav"]
[Result "1-0"]
[WhiteElo "2474"]
[BlackElo "2419"]
[PlyCount "91"]
[EventDate "2022.10.15"]
[EventType "team-tourn"]
[EventRounds "11"]
[EventCountry "CZE"]
[SourceTitle "CBM 213 Extra"]
[Source "ChessBase"]
[SourceDate "2023.05.31"]
[SourceVersion "1"]
[SourceVersionDate "2023.05.31"]
[SourceQuality "1"]
[WhiteTeam "Pardubice"]
[BlackTeam "Frydek Mistek"]
[WhiteTeamCountry "CZE"]
[BlackTeamCountry "CZE"]

1. d4 Nf6 2. c4 e6 3. Nf3 b6 4. g3 Ba6 5. Qc2 c5 6. d5 exd5 7. cxd5 Bb7 8. Bg2 Nxd5 9. 0-0 Be7 10. Rd1 Nc6 11. Nc3 Nxc3 12. bxc3 d6 13. Ne5 Qc7 14. Nc4 Rd8 15. Ne3 Na5 16. Nd5 Qd7 17. h4 Bc6 18. Qe4 h6 19. Bf4 f5 20. Qd3 g5 21. hxg5 hxg5 22. Bd2 Bxd5 23. Qxd5 b5 24. e4 Rf8 25. Bf3 g4 26. Be2 Nc4 27. Bxc4 bxc4 28. Re1 Rf7 29. Rab1 fxe4 30. Rxe4 Qf5 31. Rxe7+ Kxe7 32. Bg5+ Kd7 33. Rb7+ Ke8 34. Qxf7+ Qxf7 35. Rxf7 Kxf7 36. Bxd8 d5 37. Kf1 d4 38. Ke2 Ke6 39. Bg5 Kf5 40. Be7 Ke4 41. Bxc5 d3+ 42. Ke1 a6 43. Be3 Kf3 44. Kf1 Ke4 45. Bd2 Kf3 46. a3 1-0

[Event "BL2-Ost 2223"]
[Site "Germany"]
[Date "2022.10.22"]
[Round "1.1"]
[White "Votava, Jan"]
[Black "Fedorovsky, Michael"]
[Result "1-0"]
[WhiteElo "2474"]
[BlackElo "2410"]
[PlyCount "135"]
[EventDate "2022.10.22"]
[EventType "team-tourn"]
[EventRounds "10"]
[EventCountry "GER"]
[SourceTitle "EXT 2024"]
[Source "ChessBase"]
[SourceDate "2023.10.10"]
[SourceVersion "1"]
[SourceVersionDate "2023.10.10"]
[SourceQuality "1"]
[WhiteTeam "Erfurt"]
[BlackTeam "Bayern Muenchen II"]
[WhiteTeamCountry "GER"]
[BlackTeamCountry "GER"]

1. d4 Nf6 2. c4 e6 3. Nf3 d5 4. Nc3 c5 5. cxd5 cxd4 6. Nxd4 Nxd5 7. Bd2 Bc5 8. Nb3 Bb6 9. Nxd5 Qxd5 10. Bc3 Qxd1+ 11. Rxd1 f6 12. Na5 Nc6 13. Nxc6 bxc6 14. g4 h5 15. Bg2 Bd7 16. g5 fxg5 17. Bxg7 Ba5+ 18. Kf1 Rg8 19. Bf6 Bd8 20. Be5 Bb6 21. h4 g4 22. Be4 0-0-0 23. Kg2 Rdf8 24. Bg3 Bc7 25. Rc1 Bxg3 26. Kxg3 Kc7 27. Rc2 e5 28. Rc5 Rb8 29. b3 Rb5 30. Rxb5 cxb5 31. Rc1+ Kb6 32. b4 Rg7 33. Rc5 Re7 34. a3 a5 35. Rc1 axb4 36. axb4 Rg7 37. Rc5 Re7 38. Rc3 Rg7 39. Rc2 Re7 40. Rc5 Be8 41. Rc8 Re6 42. e3 Re7 43. Bd5 Bd7 44. Rf8 Be8 45. Rf6+ Kc7 46. Be4 Kd8 47. Bc6 Bxc6 48. Rxc6 Rf7 49. Rc5 Rf5 50. Kg2 Kd7 51. Rxb5 Kd6 52. Rb6+ Kd5 53. Rh6 Kc4 54. Rg6 e4 55. Rg5 Rf3 56. Rxh5 g3 57. fxg3 Kd3 58. Re5 Kxe3 59. h5 Rf2+ 60. Kh3 Rf8 61. Kh4 Kf3 62. h6 e3 63. Kh5 Rg8 64. g4 Kf4 65. h7 Rh8 66. Re7 e2 67. Kg6 Kxg4 68. Rxe2 1-0

[Event "AUT-chT2W 2122"]
[Site "Austria"]
[Date "2022.06.05"]
[Round "8.1"]
[White "Votava, Jan"]
[Black "Xiong, Ferdinand"]
[Result "1-0"]
[WhiteElo "2492"]
[BlackElo "2211"]
[PlyCount "113"]
[EventDate "2021.10.15"]
[EventType "team-tourn"]
[EventRounds "11"]
[EventCountry "AUT"]
[SourceTitle "EXT 2023"]
[Source "ChessBase"]
[SourceDate "2022.10.05"]
[SourceVersion "1"]
[SourceVersionDate "2022.10.05"]
[SourceQuality "1"]
[WhiteTeam "Mayrhofen/Zillertal"]
[BlackTeam "Wolfurt"]
[WhiteTeamCountry "AUT"]
[BlackTeamCountry "AUT"]

1. Nf3 c5 2. b3 e6 3. Bb2 Nf6 4. e3 Nc6 5. c4 b6 6. d3 Bb7 7. Nbd2 d5 8. Be2 d4 9. e4 Qc7 10. g3 Bd6 11. Qc2 h6 12. a3 a5 13. a4 Nb4 14. Qb1 0-0-0 15. Ba3 Nc6 16. Qc2 Ng4 17. Rf1 f5 18. 0-0-0 g5 19. Rde1 Kb8 20. Bd1 f4 21. Kb1 Ne3 22. fxe3 dxe3 23. e5 Nxe5 24. Ne4 Nxd3 25. Qxd3 Qh7 26. Nxc5 Qxd3+ 27. Nxd3 Bxa3 28. Nfe5 Bg2 29. gxf4 Bxf1 30. Rxf1 Kc8 31. Bg4 gxf4 32. Rxf4 Rhf8 33. Re4 Rf1+ 34. Kc2 Bc5 35. Bxe6+ Kc7 36. Bd5 Rh1 37. Nxc5 Rxh2+ 38. Kd3 bxc5 39. Rxe3 h5 40. Rg3 Rf8 41. Nf3 Rb2 42. Rg7+ Kd6 43. Nd2 Ke5 44. Rg5+ Rf5 45. Rxf5+ Kxf5 46. Kc3 Ra2 47. Ne4 h4 48. Nxc5 Kf4 49. Kd4 h3 50. Nd3+ Kg3 51. c5 Rg2 52. c6 h2 53. Bxg2 Kxg2 54. c7 h1Q 55. c8Q Qh4+ 56. Kc3 Qf6+ 57. Kc2 1-0

[Event "AUT-chT2W 2122"]
[Site "Austria"]
[Date "2022.06.04"]
[Round "7.6"]
[White "Votava, Jan"]
[Black "Bensch, Patrick"]
[Result "1/2-1/2"]
[WhiteElo "2492"]
[BlackElo "2176"]
[PlyCount "105"]
[EventDate "2021.10.15"]
[EventType "team-tourn"]
[EventRounds "11"]
[EventCountry "AUT"]
[SourceTitle "EXT 2023"]
[Source "ChessBase"]
[SourceDate "2022.10.05"]
[SourceVersion "1"]
[SourceVersionDate "2022.10.05"]
[SourceQuality "1"]
[WhiteTeam "Mayrhofen/Zillertal"]
[BlackTeam "Ranshofen"]
[WhiteTeamCountry "AUT"]
[BlackTeamCountry "AUT"]

1. d4 Nf6 2. c4 g6 3. Nc3 d5 4. Nf3 Bg7 5. Qb3 dxc4 6. Qxc4 0-0 7. e4 Nc6 8. Be2 Bg4 9. d5 Na5 10. Qb4 Bxf3 11. Bxf3 c6 12. 0-0 Qb6 13. Qa4 Nd7 14. Be3 Qxb2 15. Rfc1 Bxc3 16. Rab1 Nb6 17. Bxb6 axb6 18. Rxb2 Bxb2 19. Rc2 Bf6 20. Qb4 b5 21. Be2 Rfd8 22. f4 cxd5 23. e5 Bg7 24. Bxb5 e6 25. g4 Bf8 26. Qc3 d4 27. Qf3 Nc6 28. Bxc6 Ra3 29. Bxb7 Rxf3 30. Bxf3 d3 31. Rc4 Rb8 32. a4 Rb1+ 33. Kg2 Rb2+ 34. Kg3 Bb4 35. f5 gxf5 36. gxf5 exf5 37. Kf4 Ba5 38. Kxf5 Rf2 39. Ke4 d2 40. Rd4 Rxh2 41. Kd5 Rh3 42. Bg4 Re3 43. Kd6 Kg7 44. Rd5 Bb4+ 45. Kc6 Bc3 46. a5 Re4 47. Bf3 Ra4 48. Kb6 Rd4 49. Rxd4 Bxd4+ 50. Kb5 Bxe5 51. Kc4 Bg3 52. Kd3 Bf2 53. Kxd2 1/2-1/2

[Event "CZE-chT 2122"]
[Site "Czech Republic"]
[Date "2021.10.16"]
[Round "1.5"]
[White "Votava, Jan"]
[Black "Petr, Martin"]
[Result "1/2-1/2"]
[WhiteElo "2492"]
[BlackElo "2501"]
[PlyCount "82"]
[EventDate "2021.10.15"]
[EventType "team-tourn"]
[EventRounds "15"]
[EventCountry "CZE"]
[SourceTitle "CBM 204 Extra"]
[Source "ChessBase"]
[SourceDate "2021.11.30"]
[SourceVersion "1"]
[SourceVersionDate "2021.11.30"]
[SourceQuality "1"]
[WhiteTeam "Pardubice"]
[BlackTeam "Ingem Line"]
[WhiteTeamCountry "CZE"]
[BlackTeamCountry "CZE"]

1. d4 d5 2. c4 e6 3. Nf3 Nf6 4. Nc3 Be7 5. Bf4 0-0 6. e3 Nbd7 7. Be2 dxc4 8. Bxc4 c5 9. 0-0 cxd4 10. Qxd4 Nb6 11. Bb3 Qxd4 12. Nxd4 Bd7 13. Rac1 a6 14. e4 Rac8 15. e5 Nfd5 16. Nxd5 exd5 17. h3 Rxc1 18. Rxc1 Rc8 19. Rxc8+ Bxc8 20. Bd1 g6 21. g4 Nc4 22. b3 Na5 23. Bd2 Nc6 24. Nxc6 bxc6 25. f4 c5 26. Bf3 Be6 27. Kg2 f5 28. gxf5 gxf5 29. Be2 Bc8 30. Bh5 Bd8 31. Be8 a5 32. Bc6 Be6 33. Kf3 Bb6 34. Ke2 Kf7 35. Be1 c4 36. bxc4 dxc4 37. Bc3 Ke7 38. Kf3 Bd7 39. Bd5 Be6 40. Bc6 Bd7 41. Bd5 Be6 1/2-1/2

[Event "AUT-chT2W 2021"]
[Site "Austria"]
[Date "2020.10.10"]
[Round "2.2"]
[White "Votava, Jan"]
[Black "Fedorovsky, Michael"]
[Result "1/2-1/2"]
[WhiteElo "2499"]
[BlackElo "2422"]
[PlyCount "101"]
[EventDate "2020.10.09"]
[EventType "team-tourn"]
[EventRounds "11"]
[EventCountry "AUT"]
[SourceTitle "CBM 199 Extra"]
[Source "ChessBase"]
[SourceDate "2021.01.31"]
[SourceVersion "1"]
[SourceVersionDate "2021.01.31"]
[SourceQuality "1"]
[WhiteTeam "Mayrhofen/Zillertal"]
[BlackTeam "Jenbach II"]
[WhiteTeamCountry "AUT"]
[BlackTeamCountry "AUT"]

1. d4 Nf6 2. c4 e6 3. Nc3 Bb4 4. Nf3 c5 5. g3 cxd4 6. Nxd4 0-0 7. Bg2 d5 8. cxd5 Nxd5 9. Qb3 Qb6 10. Bxd5 exd5 11. Be3 Nc6 12. Nxc6 Qxc6 13. Qxb4 d4 14. f3 dxe3 15. 0-0-0 Be6 16. Qd6 Rac8 17. Qxc6 Rxc6 18. Kb1 Re8 19. Rd4 Kf8 20. Rhd1 Bc4 21. Rd6 Rc5 22. Rd8 b5 23. Rxe8+ Kxe8 24. b4 Rh5 25. h4 f5 26. Rd4 g5 27. a4 a6 28. axb5 axb5 29. Nd5 Bxd5 30. Rxd5 gxh4 31. gxh4 Rxh4 32. Rxf5 Rxb4+ 33. Kc2 Rd4 34. Kc3 Rd2 35. Re5+ Kf7 36. Rxe3 Rd5 37. f4 Kf6 38. Re8 Rf5 39. e3 h5 40. Kd4 Kg7 41. Ke4 Rc5 42. Re7+ Kf6 43. Rb7 Kg6 44. Rb6+ Kg7 45. f5 h4 46. Kf4 h3 47. Rg6+ Kf7 48. Rh6 b4 49. Rxh3 Rb5 50. Rh7+ Kg8 51. Rh1 1/2-1/2

[Event "Pardubice Kraj op-G"]
[Site "Pardubice"]
[Date "2020.09.23"]
[Round "4"]
[White "Karas, Marek"]
[Black "Votava, Jan"]
[Result "1/2-1/2"]
[WhiteElo "2279"]
[BlackElo "2480"]
[PlyCount "42"]
[EventDate "2020.09.23"]
[EventType "swiss (rapid)"]
[EventRounds "9"]
[EventCountry "CZE"]
[SourceTitle "CBM 198 Extra"]
[Source "ChessBase"]
[SourceDate "2020.11.30"]
[SourceVersion "1"]
[SourceVersionDate "2020.11.30"]
[SourceQuality "1"]

1. d4 Nf6 2. Nf3 d5 3. c4 c6 4. e3 e6 5. Bd3 Nbd7 6. b3 Bd6 7. Bb2 b6 8. Nbd2 Bb7 9. 0-0 0-0 10. e4 dxe4 11. Nxe4 Nxe4 12. Bxe4 Nf6 13. Bc2 c5 14. dxc5 Bxc5 15. Qe2 Qe7 16. Ng5 h6 17. Bxf6 gxf6 18. Nh7 Rfd8 19. Qh5 Kg7 20. Qg4+ Kh8 21. Qh5 Kg7 1/2-1/2

[Event "Pardubice Kraj op-G"]
[Site "Pardubice"]
[Date "2020.09.23"]
[Round "2"]
[White "Kiani, Kiarash"]
[Black "Votava, Jan"]
[Result "1/2-1/2"]
[WhiteElo "1958"]
[BlackElo "2480"]
[PlyCount "58"]
[EventDate "2020.09.23"]
[EventType "swiss (rapid)"]
[EventRounds "9"]
[EventCountry "CZE"]
[SourceTitle "CBM 198 Extra"]
[Source "ChessBase"]
[SourceDate "2020.11.30"]
[SourceVersion "1"]
[SourceVersionDate "2020.11.30"]
[SourceQuality "1"]

1. e4 e5 2. Nf3 Nc6 3. Nc3 Nf6 4. d4 exd4 5. Nd5 Be7 6. Nxd4 Nxd5 7. exd5 Nxd4 8. Qxd4 0-0 9. Be2 Bf6 10. Qd3 d6 11. 0-0 Re8 12. c3 Bf5 13. Qd1 h6 14. Be3 Bg5 15. Bd4 a5 16. Bd3 Qd7 17. Qc2 Bxd3 18. Qxd3 Bf4 19. Rfe1 Rxe1+ 20. Rxe1 Re8 21. Re4 a4 22. Qe2 Rxe4 23. Qxe4 Bg5 24. c4 b5 25. c5 dxc5 26. Bxc5 Bf6 27. b3 axb3 28. axb3 g6 29. b4 Kg7 1/2-1/2

[Event "Pardubice Kraj op-G"]
[Site "Pardubice"]
[Date "2020.09.23"]
[Round "1"]
[White "Votava, Jan"]
[Black "Peglau, Charis"]
[Result "1-0"]
[WhiteElo "2480"]
[BlackElo "1685"]
[PlyCount "105"]
[EventDate "2020.09.23"]
[EventType "swiss (rapid)"]
[EventRounds "9"]
[EventCountry "CZE"]
[SourceTitle "CBM 198 Extra"]
[Source "ChessBase"]
[SourceDate "2020.11.30"]
[SourceVersion "1"]
[SourceVersionDate "2020.11.30"]
[SourceQuality "1"]

1. d4 d5 2. c4 dxc4 3. Nf3 Nf6 4. e3 Bf5 5. Bxc4 e6 6. 0-0 Be7 7. Nc3 0-0 8. Re1 c5 9. d5 exd5 10. Nxd5 Nxd5 11. Qxd5 Qc8 12. e4 Be6 13. Qd3 Bxc4 14. Qxc4 Nc6 15. e5 Qe6 16. Qe4 h6 17. Bd2 Rfd8 18. Bc3 Rac8 19. b3 b5 20. Rad1 a6 21. h3 c4 22. bxc4 Qxc4 23. Qxc4 bxc4 24. Rxd8+ Rxd8 25. Re4 Nb4 26. Bxb4 Bxb4 27. Rxc4 a5 28. Kf1 g6 29. Ke2 Kg7 30. h4 Rd7 31. g3 Re7 32. Kd3 f6 33. Rc6 fxe5 34. Ke4 Rf7 35. a4 Rf6 36. Rxf6 Kxf6 37. Nxe5 g5 38. h5 Bc3 39. Ng4+ Kg7 40. Ne3 Bd2 41. Nf5+ Kh7 42. g4 Bf4 43. Kd5 Bd2 44. Ke6 Bc3 45. Kf7 Be5 46. Ne7 Bd4 47. f3 Bc5 48. Nd5 Bb4 49. Nf6+ Kh8 50. Kg6 Bf8 51. Nd7 Bg7 52. Nb6 Kg8 53. Nc4 1-0